000 00549nam a2200205Ia 4500
005 20250508165504.0
008 008 250505s9999 xx 000 0 hin d
020 _a978-81-316-0693-3
037 _aTextBook
040 _aFEDL
_beng
_cFEDL
041 _ahin
_2hin
084 _a306.095 4, SHA/R
_qFEDL
100 _aSharma G L
245 0 _aSamajik mudde
260 _aJaipur, India
_bRawat Publications
_c2015
300 _axiv, 514p.
365 _aINR
_b995
942 _cTB
_h306.095 4, SHA/R
999 _c1395395
_d1395395